000 00479nam a2200193Ia 4500
005 20240823042446.0
008 240823s9999||||xx |||||||||||||| ||und||
020 _a81-7853-005-8
041 _aENGLISH
082 _A005.133 P6
100 _a"Kruglinski,David J et al."
245 0 _aProgramming Microsoft Visual C++
250 _a5th
260 _c2006
_b"WP,Banglore"
500 _aTRANSFERED
650 _aC++
_bComputer Applications
942 _cBK
999 _c207913
_d207913